LEADER 01000nam a2200277 i 4500 001 991000839149707536 008 050216s2005 it ita d 020 $a8845312690 035 $ab1328082x-39ule_inst 040 $aDip.to Scienze pedagogiche$bita 082 0 $a370.1 100 1 $aPomi, Massimo$0551273 245 10$aAl servizio dell'impossibile :$bun profilo pedagogico di Aldo Capitini /$cMassimo Pomi 250 $aaMilano :$bLa nuova Italia,$c2005 260 $aMilano :$bLa Nuova Italia,$c2005 300 $avi, 184 p. ;$c22 cm 440 0$aEnciclopaideia 440 0$aEducatori antichi e moderni ;$v561 600 14$aCapitini, Aldo 650 4$aPedagogia 907 $a.b1328082x$b31-08-18$c16-02-05 912 $a991000839149707536 945 $aLE022 370 POM01.01$g1$i2022000114271$lle022$op$pE15.00$q-$rl$s- $t0$u0$v0$w0$x0$y.i14013708$z23-02-05 996 $aAl servizio dell'impossibile$91746885 997 $aUNISALENTO 998 $ale022$b16-02-05$cm$da $e-$fita$git $h0$i0 LEADER 01600nam 2200481 450 001 9910150160803321 005 20171011120858.0 010 $a1-5026-2240-8 035 $a(CKB)3710000000942527 035 $a(MiAaPQ)EBC5405048 035 $a(EXLCZ)993710000000942527 100 $a20180620d2017 uy 0 101 0 $aeng 135 $aurcnu|||||||| 181 $ctxt$2rdacontent 182 $cc$2rdamedia 183 $acr$2rdacarrier 200 14$aThe technology of the Aztecs /$fNaomi V. McCullough 205 $aFirst edition. 210 1$aNew York :$cCavendish Square,$d2017. 215 $a1 online resource (64 pages) $cillustrations 225 1 $aAncient innovations 311 $a1-5026-2239-4 320 $aIncludes bibliographical references and index. 327 $aAn empire evolves -- The structures they built -- The Aztecs and farming -- Masters of text -- The legacy of the Aztecs. 410 0$aAncient innovations. 606 $aAztecs$xCivilization$vJuvenile literature 606 $aAztecs$xHistory$vJuvenile literature 606 $aTechnology$xHistory$zMexico$vJuvenile literature 607 $aMexico$xCivilization$vJuvenile literature 607 $aMexico$xHistory$vJuvenile literature 615 0$aAztecs$xCivilization 615 0$aAztecs$xHistory 615 0$aTechnology$xHistory 676 $a972.01 700 $aMcCullough$b Naomi V.$01244600 801 0$bMiAaPQ 801 1$bMiAaPQ 801 2$bMiAaPQ 906 $aBOOK 912 $a9910150160803321 996 $aThe technology of the Aztecs$92887050 997 $aUNINA